00473nam a2200205Ia 4500003000900000005001700009008004100026040001300067040001300080041000800093100002100101100000900122245007500131250001100206260001400217260000900231300001100240300001000251490000600261IT-RoPAU20220918175805.0120407s9999 xx 000 0 und d aIT-RoPAU cIT-RoPAU aita aGiulio Gagliardi csac. aLa basilica S. Giovanni maggiore in Napoli e la sua insigne collegiata aNapoli aBelisario c1888 a245 p. c22 cm v1